00510nam a2200193 a 4500001001300000003000900013005001700022008004100039020001000080082002100090100002800111245002400139260003700163300000900200500003500209505001700244650002700261700002800288nice12345678IN_TiNIC20260116011354.0050524s1966 paka grp 000 0 urd  ac10000a491.4393927bQAS aQasimi, Waheed-Uz-Zaman aAl-Qamoos-Ul-Jadeed aPakistanbMaktaba Hameediac1966 a674p aincludes index and biblioraphy2 aBibliography aDictionary-Urdu Arabic1 aQasimi, Waheed-Uz-Zaman